000 00827nac a22002051u 4500
008 100908t xxu||||| |||| 00| 0 eng d
010 _a 84007359
022 _a8123908431
082 0 0 _a624.1834
_bHAN
100 _a20080729
_918756
245 0 0 _aHandbook of Concrete Engineering /
_cedited by Mark Fintel.
250 _a2nd ed.
260 _aNew Delhi :
_bCBS Publishers,
_cc1986
300 _axiv, 892 p. :
_bill. ;
_c29 cm.
504 _aIncludes bibliographical references and index.
650 0 _aConcrete construction
_xHandbooks, manuals, etc.
_918757
700 1 _aFintel, Mark.
_918758
942 _cBB
_k624.1834HAN
_2ddc
999 _c2915
_d2915